Score 0/19 Timer 04:00
0 Plays Today
Answer % Correct
black bear
95.8%
mountain lion
68.4%
coyote
67.4%
red fox
57.9%
Sierra Nevada red fox
56.8%
grey fox
54.7%
bobcat
48.4%
raccoon
44.2%
badger
36.8%
ermine
35.8%
Answer % Correct
long-tailed weasel
35.8%
wolverine
35.8%
spotted skunk
32.6%
striped skunk
32.6%
American mink
29.5%
river otter
27.4%
fisher
25.3%
American marten
22.1%
ringtail
18.9%
Come Together.
Have Fun.
All Virtual.
We all need to come together. Play Sporcle's virtual live trivia to have fun, connect with people, and get your trivia on. Join a live hosted trivia game for your favorite pub trivia experience done virtually. If a virtual private party is more your thing, go here for details.

You're not logged in!

Compare scores with friends on all Sporcle quizzes.
OR
Log In

Sporcle TV

Today on Sporcle TV


Watch our educational content, quiz creation guides, and fun videos on Sporcle TV.

Show Comments

Extras

Top Quizzes Today


Score Distribution

Paid Content

Your Account Isn't Verified!

In order to create a playlist on Sporcle, you need to verify the email address you used during registration. Go to your Sporcle Settings to finish the process.

Report this User

Report this user for behavior that violates our Community Guidelines.

Details: